VYHODNOTENIE EXPERIMENTÁLNYCH SKÚŠOK V ZMYSLE SIMULAČNÝCH METÓD

Bibliographic Details
Main Author: Vargová, R. (Author)
Format: Article
Language:Slovak
ISBN:9788055305820

MARC

LEADER 00000naa a2200000uu 4500
001 vtls011074559
003 SK-MaSNL
005 20260302111348.0
008 210908|2010 xo |||||||||||||||||slo|
015 |a SNBRA 
035 |a (urnnbn)urn:nbn:sk:snk:ar-a0cdcm 
035 |a (uuid)ba58449a-60e1-4dbf-a146-ed0efe9e204d 
035 |a urn:nbn:sk:snk-aavjjp 
040 |a SNKBUCL  |b slo  |c SNKBUCL  |e AACR2 
041 0 |a slo 
044 |a xo  |c SK 
100 1 |a Vargová, R.  |4 aut  |9 778313 
245 1 0 |a VYHODNOTENIE EXPERIMENTÁLNYCH SKÚŠOK V ZMYSLE SIMULAČNÝCH METÓD  |c R. Vargová 
773 0 |t Výskum ústavu inžinierskeho staviteľstva v roku 2010  |d Košice : Technická univerzita, Stavebná fakulta, 2010  |g S. 125-130  |z 9788055305820 
958 |a OND 
958 |a article12 
958 |a chapter 
999 |c 1247339  |d 1249269